Una historia de la verdad en occidente ciencia, arte, religin̤ y polt̕ica en la conformacin̤ de la cosmologa̕ moderna

Detalles Bibliográficos
Autor principal: Nieto Olarte, Mauricio
Formato: eBook
Lenguaje:español
Publicado: Bogot:̀ Universidad de Los Andes (Colombia), 2019
Materias:
Acceso en línea:Acceso restringido

MARC

LEADER 00000nam a22000007a 4500
005 20211007222413.0
007 cr|||| ||||
008 211007s2019 co |||||s|||| 00||0 spa d
020 |a 978-958-8249-48-3 
035 |a 35225 
040 |a vLex 
090 |c 12515  |d 12515 
100 1 |a Nieto Olarte, Mauricio 
245 1 3 |a Una historia de la verdad en occidente ciencia, arte, religin̤ y polt̕ica en la conformacin̤ de la cosmologa̕ moderna  |h [Recurso electrn̤ico] /  |c Mauricio Nieto Olarte 
256 |a Servicio en ln̕ea 
260 |a Bogot:̀  |b Universidad de Los Andes (Colombia),  |c 2019 
300 |a 1 recurso electrn̤ico 
506 1 |a Disponible solo en los productos indicados  |d vLex Global  |d vLex Global (Academic Edition, excluding Law Schools)  |d vLex Global (U.S. Academic Edition, Law Schools)  |d vLex Global (U.S. Academic Edition, excluding Law Schools)  |d vLex Global (Academic Edition, Law Schools) 
650 0 4 |a Ciencias sociales  |z Colombia 
740 0 |a vLex Libros (Servicio en ln̕ea) 
856 4 0 |u https://app.vlex.com/#/sources/35225  |z Acceso restringido 
942 |c BOOK 
999 0 |a Social Sciences